Cơ sở lí luận chính trị hành chính : (Sách phục vụ nghiên cứu giảng dạy học tập lý luận chính trị hành chính)
Sách trình bày một số suy nghĩ về việc vận dụng chủ nghĩa Mác-Lênin và tư tưởng Hồ Chí Minh trong việc xây dựng Đảng cầm quyền, xây dựng hệ thống chính trị và mối quan hệ giữa Đảng lảnh đạo với quyền lực của Nhà nước và vai trò củ...
Na minha lista:
| Autor principal: | |
|---|---|
| Formato: | Livro |
| Idioma: | Undetermined |
| Publicado em: |
Hà Nội
Giáo Dục
1998
|
| Assuntos: | |
| Tags: |
Adicionar Tag
Sem tags, seja o primeiro a adicionar uma tag!
|
| Thư viện lưu trữ: | Trung tâm Học liệu Trường Đại học Cần Thơ |
|---|
| LEADER | 01200nam a2200217Ia 4500 | ||
|---|---|---|---|
| 001 | CTU_27374 | ||
| 008 | 210402s9999 xx 000 0 und d | ||
| 020 | |c 18000 | ||
| 082 | |a 351.597 | ||
| 082 | |b H531 | ||
| 100 | |a Trần, Đình Huỳnh | ||
| 245 | 0 | |a Cơ sở lí luận chính trị hành chính : | |
| 245 | 0 | |b (Sách phục vụ nghiên cứu giảng dạy học tập lý luận chính trị hành chính) | |
| 245 | 0 | |c Trần Đình Huỳnh, Nguyễn Hữu Khiển, Trần Minh Đoàn | |
| 260 | |a Hà Nội | ||
| 260 | |b Giáo Dục | ||
| 260 | |c 1998 | ||
| 520 | |a Sách trình bày một số suy nghĩ về việc vận dụng chủ nghĩa Mác-Lênin và tư tưởng Hồ Chí Minh trong việc xây dựng Đảng cầm quyền, xây dựng hệ thống chính trị và mối quan hệ giữa Đảng lảnh đạo với quyền lực của Nhà nước và vai trò của các đoàn thể nhân dân ở nước Việt Nam hiện nay | ||
| 650 | |a Administrative law - vietnam | ||
| 904 | |i H.Mai | ||
| 980 | |a Trung tâm Học liệu Trường Đại học Cần Thơ | ||